| 000 | 00490nam a2200169 i 4500 | ||
|---|---|---|---|
| 001 | 100571 | ||
| 003 | ES-MaACL | ||
| 005 | 20230906182711.0 | ||
| 007 | t| | ||
| 008 | 050929s1928 sp ||||1| spa d | ||
| 100 | 1 |
_aMaspons y Camarasa, Jaime. _978774 |
|
| 245 | 1 | 4 |
_aLos bosques _b: beneficios que reportan / _cJaime Maspons y Camarasa. |
| 260 |
_aBarcelona : _b[s.n.], _c1928 ( _fAltés) |
||
| 300 |
_a97 p. ; _c22 cm. |
||
| 650 | 4 |
_aSivicultura. _9139431 |
|
| 852 |
_aES-MaACL _jF-10185 |
||
| 999 |
_c100571 _d100571 |
||